| 000 | 00996cam a2200325 i 4500 | ||
|---|---|---|---|
| 001 | 390841 | ||
| 003 | SISC | ||
| 005 | 20160205111426.0 | ||
| 008 | 791113s1980 nyua j 000 1 eng | ||
| 010 | _a 79002008 | ||
| 020 |
_a0590434519 _c$7.95 |
||
| 040 |
_aDLC _cDLC _dDLC |
||
| 042 | _alcac | ||
| 050 | 0 | 0 |
_aPZ 7 _b.L2717Fl 1980 |
| 082 | 0 | 0 |
_aFIC _bL26 1980 |
| 100 | 1 |
_aLangton, Jane, _d1922- _920216 |
|
| 245 | 1 | 4 |
_aThe fledgling _cJane Langton. |
| 250 | _a1st ed. | ||
| 260 |
_aNew York : _bHarper & Row, _cc1980. |
||
| 300 |
_aix, 182 p. : _bill. ; _c22 cm. |
||
| 586 | _aNewbery Medal Honor Book, 1981 | ||
| 650 | 1 |
_aFlight _xFiction. _920217 |
|
| 650 | 1 |
_aCanada goose _xFiction. _920218 |
|
| 650 | 1 |
_aGeese _xFiction. _920219 |
|
| 650 | 1 |
_aHuman-animal relationships _xFiction. _920220 |
|
| 856 | 4 | 2 |
_3Publisher description _uhttp://www.loc.gov/catdir/description/hc044/79002008.html |
| 906 |
_a7 _bcbc _corignew _d1 _eocip _f19 _gy-gencatlg |
||
| 942 |
_2lcc _cBK |
||
| 999 |
_c11432 _d11432 |
||